| 000 | 00467nam a2200169 4500 | ||
|---|---|---|---|
| 001 | 24259 | ||
| 005 | 20230411085952.0 | ||
| 008 | 060907n2004 dr spa | ||
| 020 | _a8497920422 | ||
| 035 | _9funglode24435 | ||
| 041 | _aES | ||
| 100 | _aSonia Silva Salinas e Ideaspropia | ||
| 245 | 1 |
_aMedios didácticos multimedia para el aula / _cIdeaspropias |
|
| 260 |
_aMadrid : _bEditorial Ideaspropias, _c2004 |
||
| 300 | _a143 p. | ||
| 942 |
_2lcc _cbk |
||
| 999 |
_c110192 _d110192 |
||